000 01143nam0a2200349 4500
001 RU\NLR\BIBL_A\012408412
005 20201207114028.0
010 _a978-5-9973-5491-6
_9100
021 _aRU
_bКН-П-20-046729
_9КН-П-20-3561
035 _a(NLR Aleph) 012408412
035 _a(RuMoRGB)010396932
090 _a11762985
_c11762985
100 _a20201120d2020 u y0rusy50 ca
101 0 _arus
102 _aRU
105 _aac||z|||000ay
181 0 _ai
_baxxe
182 0 _an
200 1 _aАгнесса
_fВладимир Внук
203 _aТекст
_bвизуальный
_cнепосредственный
210 _aМосква
_cСпутник+
_d2020
215 _a223 с.
_cил., портр.
_d21
300 _aНа 223-й с. авт.: Внук В. К. - канд. полит. наук
320 _aДр. кн. авт.: с. 223
686 2 _aШ6(2=Р)8-62
700 1 _aВнук
_bВ. К.
_f1969-
_gВладимир Константинович
942 _cBOOK
980 _aNBR
980 _aNB